00533nam a22001817a 450000500170000001000150001702000260003203500130005803700130007108200100008410000190009424501010011325000110021426000330022527000460025830000280030450000190033220140812161558.0 aENG-110352 a9789350621363c495.00 aEN-93884 bDBAD/PUB a658.1 aAquinas, P. G. aOrganisational behaviour :cby P. G. Aquinasbconcepts, realities, applications and challenges / a2nd ed aNew DelhibExcel Booksc2013 aA-45, Naraina, Phase IbNew Delhie110028 axxviii,831p.c28cm(pbk) aIncludes index